LEADER 01286nam a2200253 i 4500 001 000000360314 003 CaOOAMICUS 005 20241014143258.0 008 241014s1912 it u000 u ita u 013 $a136922 040 $aSeMil$bita 100 1 $aTredici, Giacinto .$0(OLS)http://semarc/name/17126 245 10$aTeologia e filosofia scolastica :$bdiscorso letto all'inaugurazione dell'anno accademico nel Seminario Teologico di Milano, il giorno 9 novembre 1911 /$cGiacinto Tredici. 260 $aMonza :$bTip. Artigianelli,$c1912. 300 $a20 p. ;$c25 cm. 500 $aEstratto da: La scuola cattolica di Milano. 650 4$aTeologia e filosofia scolastica.$0(OLS)http://semarc/subject/14699 850 $aSeMil 852 $aSeMil$W1$xVenegono$y1$m5D IV 3/17$j251641$B251339$CSeMilBibl$Z2$F251339 $8B 961 $aRecupero da Biblioteca Seminario Maggiore di Milano 961 $aTimbro della Biblioteca del Seminario Maggiore di Milano 996 $6245$aTeologia e filosofia scolastica :$bdiscorso letto all'inaugurazione dell'anno accademico nel Seminario Teologico di Milano, il giorno 9 novembre 1911$9(OLS)http://semarc/title/141670 996 $6260$aMonza :$bTip. Artigianelli$9(OLS)http://semarc/publisher/42105 LEADER 01104nam a2200265 4500 001 000000363750 003 CaOOAMICUS 005 20250729091153.0 008 250729s2024 it a 000 u ita r 020 $a978-88-922444-5-0 040 $aSeMil$bita 100 1 $aFalco, Raffaella.$0(OLS)http://semarc/name/122501 245 10$aNon sai mai chi ti metti in casa /$cRaffaella Falco ; prefazione di Roberto Pasolini. 264 1$aCinisello Balsamo :$bSan Paolo,$c2024. 300 $a141 p. :$bill. ;$c21 cm 490 1 $aLe vele ;$v151 700 1 $aPasolini, Roberto,$c.$0(OLS)http://semarc/name/94527 830 3$aLe vele ;$v151.$0(OLS)http://semarc/title/422745 850 $aSeMil 852 $aSeMil$W1$xVenegono$y1$m2C VII 445$j260359$B254602$CSeMilBibl$Z2$F254602 $81 961 $aAndreini don Luca - Omaggio 996 $6020$a978-88-922444-5-0$9(OLS)http://semarc/number/303769 996 $6245$aNon sai mai chi ti metti in casa$9(OLS)http://semarc/title/455056 996 $6264$aCinisello Balsamo :$bSan Paolo$9(OLS)http://semarc/publisher/30129